00743nam a2200241 a 45000010010000000030011000100080041000210200015000620350026000770920018001031000030001212450071001512600039002223000015002615000017002766500032002938560030003259420012003559520091003679900006004589980020004649990017004840001-1153ELIB.Books150506 2010 eng  a080102479X a(ELIB.Books)0001-1308 a371. 071bWol aWolterstorff, Nicholas P. aEducating for LifebReflections on Christian Teaching and Learning aGrand RapidsbBaker Academicc2002 a298c23 Cm aC/o Moe Lwei aChristian Religious Schools nKBTS: LibraryuKBTS: Elib 2ddccBK 00102ddc4070aKBTSbKBTSd2015-05-06l0p15438r2022-01-22 00:00:00w2022-01-22yBK a1 cbate2015-05-06 c11153d11153